000 00674nam a2200229Ia 4500
001 879
003 GE_BSU
008 181216s||||||||xx |||||||||||||| ||und||
040 _cGE_BSU
080 _a53(075.3)
100 _aЕвграфова,Н.Н.
245 _aКурс физики для подготовительных отделении вузов
250 _a2-е,перераб.
260 _aМосква
260 _bВысшая школа
260 _c1978
300 _a512стр.
541 _h18л.
653 _aКурс физики для подготовительных отделении вузов
653 _aФизика
942 _cBK
999 _c35040
_d35040